000 00353pam a2200145 a 4500
020 _c
041 _h
082 _a758.2
_bSMI
100 _aRay Campbell smith.
245 _aPainting Coastal Scenes
_bPainting Coastal Scenes
_hTextual Documents
250 _a2005.
260 _a[s.l]:
_bSearch Press, Kene.
300 _a96:
_bpaper.
930 _a2479
999 _c236269
_d236269